Control of Manipulation Robots´ Theory and Application : Scientific Fundamentals of Robotics 2
Na minha lista:
| Main Authors: | , |
|---|---|
| Formato: | Livro |
| Idioma: | inglês |
| Publicado em: |
Berlin :
Springer Verlag,
1982
|
| Assuntos: | |
| Tags: |
Sem tags, seja o primeiro a adicionar uma tag!
|
MARC
| LEADER | 00000nam a22000003a 4500 | ||
|---|---|---|---|
| 001 | stu84226 | ||
| 005 | 20150617225636.2 | ||
| 008 | 040224s1982----NSR-----------------eng-d | ||
| 020 | |a 3-540-11629-X | ||
| 040 | |a STU |b slo | ||
| 041 | 0 | |a eng | |
| 044 | |a NSR | ||
| 080 | |a 621.865.8 |7 A000003983 | ||
| 100 | 1 | |a Vukobratovic, Miomir |4 aut | |
| 245 | 1 | |a Control of Manipulation Robots´ Theory and Application : |b Scientific Fundamentals of Robotics 2 | |
| 260 | |a Berlin : |b Springer Verlag, |c 1982 | ||
| 300 | |a 363 s | ||
| 650 | 7 | |a priemyselné roboty |2 stusub | |
| 700 | 1 | |a Stokic, Dragan |4 aut | |
| 996 | |b E58812 |c E*58812 |l EE09 |s P |a 0 |w stu84226_0001 | ||
| 996 | |b 284J016656 |c 67693 |l JJST |s A |a 24 |w stu84226_0002 | ||